000 00444nam a2200181Ia 4500
003 GCL
008 140319s9999 xx 000 0 eng d
040 _aGCL /
_cGCL
082 0 4 _a823
_bL S
100 1 _aLAWRENCE, D.H.
245 1 0 _aSONS AND LOVERS /
_cLAWRENCE, D.H.
260 _a[S.N] :
_bYORK PRESS ،
_c1988
300 _a444 PP
650 0 4 _aENGLISH LITERATURE
650 0 4 _aENGLISH FICTION
650 0 4 _aFICTION
942 _2ddc
_cBK
999 _c18171
_d18171